| 000 | 00373 a2200157 4500 | ||
|---|---|---|---|
| 001 | 150539 | ||
| 040 | _cEscola São Tomás de Aquino | ||
| 100 | _aPENTEADO, Maria Heloisa | ||
| 240 | 1 | 0 |
_aO gato de botas _lpor |
| 245 | 1 | 0 | _aO gato de botas |
| 300 | _a16 | ||
| 362 | 0 | _a2012 | |
| 440 | 1 | _aÁtica | |
| 697 | _aContos de Fadas e Clássicos da Literatura | ||
| 942 | _cBK | ||
| 999 |
_c150539 _d150539 |
||